000 00567nam a2200193Ia 4500
005 20260120124544.0
008 008 260114s9999 xx 000 0 eng d
020 _a9781781906965
037 _aEBOOK
040 _aCRL
_beng
_cCRL
041 _aeng
_2eng
084 _qCRL
245 0 _aSchool-Based Interventions for Struggling Readers, K-8
260 _bEmerald Publishing
_c2013
700 _aEvan Ortlieb
_9907721
856 _uhttps://www.emerald.com/insight/publication/doi/10.1108/S2048-0458(2013)3
942 _cEBOOK
999 _c1499605
_d1499605